00401nam a2200157Ia 45000010006000000050017000060080041000230410008000640820018000721000042000902450059001322600009001913000027002006500008002276540008002351123020260306161931.0260306t2018||||xx |||||||||||||| ||spa|| aESP a985.019bM61G aMinisterio de Cultura del PerúeAUT 0aGuía de identificación y registro del Qhapaq Ñan c2018 a94 páginas :c30 cm. aGEN aCHU